Art songs for school and studio: first year, medium high
Saved in:
| Main Authors: | , |
|---|---|
| Format: | Bog |
| Sprog: | engelsk |
| Udgivet: |
Bryn Mawr
Oliver Ditson
1928
|
| Fag: | |
| Tags: |
Tilføj Tag
Ingen Tags, Vær først til at tagge denne postø!
|
MARC
| LEADER | 00000nam a2200000 a 4500 | ||
|---|---|---|---|
| 001 | UCN8465 | ||
| 003 | CL-VaPUC | ||
| 008 | 011109e19280000us |||||||||||||||||eng|d | ||
| 082 | 0 | 4 | |a 783.307 |b GLE |2 21 |
| 100 | |a Glenn, Mabelle |e author |9 629891 | ||
| 700 | 0 | |a Spouse, Alfred |e author |9 464730 | |
| 245 | 1 | 0 | |a Art songs for school and studio: first year, medium high |
| 300 | |a 64 p | ||
| 942 | |c BK | ||
| 945 | |d 20011109 00:00:00 |a crobeson | ||
| 260 | |a Bryn Mawr |b Oliver Ditson |c 1928 | ||
| 650 | 7 | |a CANTO - ESTUDIO E INSTRUCCION |2 CL-VaPUC |9 464731 | |
| 650 | 7 | |a CANTO - TECNICAS DE EJECUCION |2 CL-VaPUC |9 464732 | |
| 650 | 7 | |a CANTO - EJERCICIOS |2 CL-VaPUC |9 464733 | |
| 650 | 0 | |a Canto |x Voz alta |9 464734 | |
| 583 | |a last modification |c 20171130 01:50:15 |k Rodrigo Vera | ||
| 999 | |c 298352 |d 298350 | ||
| 952 | |0 0 |1 0 |4 0 |6 783_307000000000000_GLE_1928 |7 0 |8 F |9 353866 |a BIBEDU |b BIBEDU |d 2019-11-21 |i 3743764 |o 783.307 GLE 1928 |p 3743764 |r 2023-01-12 |w 2019-11-21 |y BK_F |k MUS | ||